【自動車趣味玄人向け】すべての日産車 - Statistiken

Allgemein
  • Dieses Quiz wurde 6 mal gespielt
  • Das Durchschnittsergebnis liegt bei 13 aus 154
Antwortstatistiken
Antwort % Korrekt
セレナ
100%
サ行 サクラ
75%
ナ行 ノート
75%
フェアレディ
75%
リーフ
75%
アリア
50%
エクストレイル
50%
エルグランド
50%
カ行 キックス
50%
キャラバン
50%
ジューク
50%
スカイライン
50%
マーチ
50%
ルークス
50%
GT-R
50%
フェアレディZ
50%
クリッパー
25%
クリッパートラック
25%
クリッパーリオ
25%
シルビア
25%
シーマ
25%
セドリック
25%
ティーダ
25%
デイズ
25%
デイズルークス
25%
ノートオーラ
25%
バネット
25%
バネットトラック
25%
フーガ
25%
プレジデント
25%
ラフェスタ
25%
ア行 アトラス
0%
アトラスロコ
0%
アベニール
0%
アベニールカーゴ
0%
ウイングロード
0%
エクサ
0%
エスカルゴ
0%
オッティ
0%
キャラバンコーチ
0%
キャラバンマイクロバス
0%
キャラバンワゴン
0%
キューブ
0%
キューブキュービック
0%
クオン
0%
クルー
0%
グロリア
0%
グロリアセダン
0%
グロリアバン
0%
グロリアワゴン
0%
コンドル
0%
サニー
0%
サニーカリフォルニア
0%
サニークーペ
0%
サニートラック
0%
サニーバン
0%
サファリ
0%
シビリアン
0%
シルビアヴァリエッタ
0%
シルフィ
0%
シーマハイブリッド
0%
スカイラインクロスオーバー
0%
スカイラインクーペ
0%
スカイラインワゴン
0%
ステージア
0%
セドリックセダン
0%
セドリックバン
0%
セドリックワゴン
0%
セフィーロ
0%
セフィーロワゴン
0%
セレナカーゴ
0%
タ行 ダットサン
0%
チェリー
0%
チェリークーペ
0%
ティアナ
0%
ティーダラティオ
0%
テラノ
0%
テラノレグラス
0%
デュアリス
0%
ハ行 バサラ
0%
バネットラルゴ
0%
パオ
0%
パルサー
0%
パルサーエクサ
0%
パルサーセダン
0%
パルサーセリエ
0%
ビッグサム
0%
ピノ
0%
フィガロ
0%
フーガハイブリッド
0%
ブルーバード
0%
ブルーバードクーペ
0%
ブルーバードシルフィ
0%
ブルーバードハードトップ
0%
ブルーバードバン
0%
ブルーバードマキシマ
0%
ブルーバードワゴン
0%
プリメーラ
0%
プリメーラカミノ
0%
プリメーラカミノワゴン
0%
プリメーラワゴン
0%
プレサージュ
0%
プレセア
0%
プレーリージョイ
0%
プレーリーリバティ
0%
ホーミー
0%
ホーミーコーチ
0%
マキシマ
0%
マーチカブリオレ
0%
ミストラル
0%
ムラーノ
0%
モコ
0%
ラ行 ラシーン
0%
ラティオ
0%
ラフェスタハイウェイスター
0%
ラルゴ
0%
ラングレー
0%
リバティ
0%
ルキノクーペ
0%
ルネッサ
0%
レパード
0%
ローレル
0%
英数字 180SX
0%
ローレル2ドアハードトップ
0%
AD
0%
ADエキスパート
0%
ADバン
0%
AD-MAXバン
0%
AD-MAXワゴン
0%
Be-1
0%
マーチBOX
0%
マ行 マイクラCプラスC
0%
e-NV200
0%
e-NV200バン
0%
クリッパーEV
0%
スカイラインGT-R
0%
スカイラインGT-Rセダン
0%
レパードJ.フェリー
0%
NT100クリッパー
0%
NT450アトラス
0%
NV100クリッパー
0%
NV100クリッパーリオ
0%
NV150AD
0%
NV200バネット
0%
NV200バネットバン
0%
NV350キャラバン
0%
NV350キャラバンマイクロバス
0%
NV350キャラバンワゴン
0%
NXクーペ
0%
インフィニティQ45
0%
パルサーセリエS-RV
0%
ルキノS-RV
0%
フェアレディZコンバーチブル
0%
フェアレディZロードスター
0%
Keine übereinstimmenden Quizze gefunden
Verteilung der Resultate
Anzahl Personen mit jedem Resultat
Perzentil nach korrekt beantworteten Fragen
Ihre Resultats-Entwicklung
Sie haben dieses Quiz noch nicht gespielt